Man and his government: an empirical theory of politics

Gespeichert in:
Bibliographische Detailangaben
1. Verfasser: Friedrich, Carl Joachim (VerfasserIn)
Format: Buch
Sprache:Englisch
Veröffentlicht: Nueva York McGraw-Hill 1963
Schlagworte:
Tags: Tag hinzufügen
Keine Tags, Fügen Sie den ersten Tag hinzu!

MARC

LEADER 00000nam a2200000 a 4500
001 UCT6987
003 CL-VaPUC
008 970113e19630000US |||||||||||||||||eng|d
082 0 4 |a 320.01  |b FRI  |2 21 
100 0 |a Friedrich, Carl Joachim  |e author  |9 377496 
245 1 0 |a Man and his government: an empirical theory of politics 
300 |a 737 p 
942 |c BK 
945 |d 19970113 00:00:00  |a lriquelm 
260 |a Nueva York  |b McGraw-Hill  |c 1963 
650 7 |a TEORIA POLITICA  |2 CL-VaPUC  |9 377497 
650 7 |a PODER  |2 CL-VaPUC  |9 377498 
650 0 |a Justicia   |9 255408 
650 7 |a TRADICION  |2 CL-VaPUC  |9 375988 
650 7 |a REVOLUCION  |2 CL-VaPUC  |9 338298 
650 0 |a Religión   |9 255164 
583 |a last modification  |c 19970113 00:00:00  |k Rodrigo Vera 
999 |c 255652  |d 255650 
952 |0 0  |1 0  |4 0  |6 320_010000000000000_FRI_1963  |7 0  |8 A  |9 278003  |a BIBDER  |b BIBDER  |d 2019-11-19  |i 1802593  |o 320.01 FRI 1963  |p 1802593  |r 2023-01-25  |w 2019-11-19  |y BK  |k DER